000 00294nam a22001337a 4500
008 170802b xxu||||| |||| 00| 0 eng d
020 _a0764513443
041 _aeng
080 _a004
100 _a32
101 _aSHKI
245 _aINTERNET EXPLORER FOR DUMMIES
_cLOWE, D
942 _2udc
_cBK
999 _c22573
_d22573